Memoria de la sesión pública que celebró la Real Academia de Bellas Artes de San Carlos de Valencia el día 2 de octubre de 1892 con motivo de la apertura del curso de 1892 a 1893. (Record no. 163014)

MARC details
000 -LEADER
campo de control de longitud fija 01098nam a2200217 i 4500
001 - NÚMERO DE CONTROL
campo de control 163014
003 - IDENTIFICADOR DE NÚMERO DE CONTROL
campo de control ES-MaACL
005 - FECHA Y HORA DE LA ÚLTIMA TRANSACCIÓN
campo de control 20251001144526.0
008 - DATOS DE LONGITUD FIJA--INFORMACIÓN GENERAL
campo de control de longitud fija 050916s1892 sp |||| | spa d
110 2# - ENTRADA PRINCIPAL--NOMBRE DE ENTIDAD CORPORATIVA
Nombre de entidad corporativa o nombre de jurisdicción como elemento de entrada Real Academia de Bellas Artes de San Carlos (Valencia)
9 (RLIN) 6290
245 10 - MENCIÓN DEL TÍTULO
Título Memoria de la sesión pública que celebró la Real Academia de Bellas Artes de San Carlos de Valencia el día 2 de octubre de 1892 con motivo de la apertura del curso de 1892 a 1893.
260 ## - PUBLICACIÓN, DISTRIBUCIÓN, ETC.
Lugar de publicación, distribución, etc. Valencia :
Nombre del editor, distribuidor, etc. [s.n.],
Fecha de publicación, distribución, etc. 1892 (
Fabricante Imp. de F. Domenech)
300 ## - DESCRIPCIÓN FÍSICA
Extensión 58 p. ;
Dimensiones 26 cm.
505 8# - NOTA DE CONTENIDO CON FORMATO
Nota de contenido con formato Contiene: Memoria leída por Luis Tramoyeres Blasco (p.1-15) - La pintura sobre cerámica : discurso leído por ... el Marqués de Cáceres
610 24 - PUNTO DE ACCESO ADICIONAL DE MATERIA--NOMBRE DE ENTIDAD CORPORATIVA
Nombre de entidad corporativa o nombre de jurisdicción como elemento de entrada Real Academia de Bellas Artes de San Carlos (Valencia)-
Subdivisión de forma Memorias.
9 (RLIN) 151459
650 #4 - PUNTO DE ACCESO ADICIONAL DE MATERIA--TÉRMINO DE MATERIA
Término de materia o nombre geográfico como elemento de entrada Cerámica.
9 (RLIN) 135756
700 1# - ENTRADA AGREGADA--NOMBRE PERSONAL
Nombre de persona Tramoyeres Blasco, Luis.
9 (RLIN) 111218
700 1# - ENTRADA AGREGADA--NOMBRE PERSONAL
Nombre de persona Noguera Aquavera, Vicente,
Títulos y otros términos asociados al nombre Marqués de Cáceres
9 (RLIN) 33341
852 ## - LOCALIZACIÓN
Ubicación ES-MaACL
Número de control de estantería T-669-F-7
Nota libre - Enc. hol. conservando cub. original
-- - Enc. en un vol. facticio
Holdings
Estatus retirado Estado de pérdida Estado de daño No para préstamo Colección Biblioteca de origen Biblioteca actual Ubicación en estantería Fecha de adquisición Total de préstamos Signatura topográfica completa Código de barras Visto por última vez Precio de reemplazo Tipo de ítem Koha
        Colección de folletos Biblioteca del Ateneo de Madrid Biblioteca del Ateneo de Madrid Depósito folletos 17/01/2008   T-669-F-7 1170796 23/02/2023 23/02/2023 Folleto